[Event "27th Hoogeveen Open 2024"]
[Site "Hoogeveen NED"]
[Date "2024.10.28"]
[Round "3.2"]
[White "Slagboom, Leandro"]
[Black "Sankalp, Gupta"]
[Result "0-1"]
[WhiteTitle "FM"]
[BlackTitle "GM"]
[WhiteElo "2345"]
[BlackElo "2534"]
[WhiteFideId "1065882"]
[BlackFideId "5097010"]
[EventDate "2024.10.26"]

1. e4 e5 2. Nf3 Nc6 3. Bc4 Nf6 4. d3 h6 5. Nc3 d6 6. d4 Bg4 7. d5 Nd4 8. Be3
Nxf3+ 9. gxf3 Bh3 10. f4 exf4 11. Bxf4 g5 12. Be3 Qe7 13. Qf3 Bd7 14. Rg1 Bg7
15. O-O-O g4 16. Qg2 a6 17. Bd4 O-O-O 18. Rge1 Nh5 19. Bxg7 Qg5+ 20. Kb1 Qxg7
21. Qf1 Rde8 22. Bxa6 bxa6 23. Qxa6+ Kd8 24. Qb7 Qe5 25. Re3 Nf4 26. a4 Ke7 27.
a5 Rc8 28. a6 Ng6 29. a7 Qxh2 30. e5 Nxe5 31. Ne4 f5 32. Nc5 dxc5 33. d6+ cxd6
34. Qa6 Bc6 35. Qd3 Rcd8 36. Qxf5 Rhf8 37. Qxg4 Bf3 0-1

[Event "27th Hoogeveen Open 2024"]
[Site "Hoogeveen NED"]
[Date "2024.10.28"]
[Round "3.3"]
[White "Brunello, Sabino"]
[Black "Ritzerveld, Noah"]
[Result "1-0"]
[WhiteTitle "GM"]
[BlackTitle "FM"]
[WhiteElo "2514"]
[BlackElo "2281"]
[WhiteFideId "813613"]
[BlackFideId "1085760"]
[EventDate "2024.10.26"]

1. e4 e5 2. Nf3 Nc6 3. Bb5 a6 4. Ba4 Nf6 5. O-O Be7 6. d3 b5 7. Bb3 d6 8. a4 Bd7
9. Bd2 O-O 10. h3 h6 11. Nc3 Na5 12. Ba2 c5 13. Nd5 Nxd5 14. Bxd5 Nc6 15. axb5
axb5 16. Rxa8 Qxa8 17. b4 cxb4 18. Bxb4 Qc8 19. Bd2 Be6 20. Qb1 Bxd5 21. exd5
Nd4 22. Nxd4 exd4 23. Qxb5 Qc7 24. c3 Qxc3 25. Bf4 Qc2 26. Qc4 Qb2 27. Re1 Qb7
28. Qxd4 Rc8 29. Qe4 Bf8 30. Be3 Ra8 31. Rc1 Ra5 32. Rc6 Qb1+ 33. Kh2 Qb5 34.
Qe8 Qxd5 35. Bf4 Qe6 36. Qb8 Rc5 37. Rxd6 Rc8 38. Rxe6 Rxb8 39. Rc6 Rd8 40. Rc3
Bd6 41. Kg3 g6 42. Kf3 Bxf4 43. Kxf4 Kg7 44. Ke3 Re8+ 45. Kd2 Kf6 46. Rc4 Ra8
47. Re4 Ra2+ 48. Ke3 h5 49. g4 hxg4 50. hxg4 g5 51. Rc4 Ke6 52. Rc6+ Ke7 53. Rc5
f6 54. d4 Ke6 55. Rc6+ Ke7 56. Rb6 Kf7 57. f3 Ke7 58. Ke4 Ra5 59. Rc6 Rb5 60. d5
Ra5 61. Rc7+ Ke8 62. Kf5 Rxd5+ 63. Kxf6 Rd3 64. Kxg5 Rxf3 65. Kg6 Kf8 66. g5 Ra3
67. Rc8+ Ke7 68. Kg7 Ra7 69. g6 1-0

[Event "27th Hoogeveen Open 2024"]
[Site "Hoogeveen NED"]
[Date "2024.10.28"]
[Round "3.4"]
[White "Labruyere, Roger"]
[Black "De Winter, Arthur"]
[Result "0-1"]
[BlackTitle "IM"]
[WhiteElo "2286"]
[BlackElo "2435"]
[WhiteFideId "1059505"]
[BlackFideId "1069020"]
[EventDate "2024.10.26"]

1. e4 c5 2. Nf3 d6 3. d4 cxd4 4. Nxd4 Nf6 5. Nc3 a6 6. Be3 e5 7. Nb3 Be6 8. f3
Nbd7 9. Qd2 b5 10. O-O-O h5 11. Kb1 Rc8 12. Nd5 Bxd5 13. exd5 Nb6 14. Bxb6 Qxb6
15. Bd3 g6 16. Qb4 Bg7 17. f4 e4 18. Be2 O-O 19. Rhe1 Rfe8 20. f5 g5 21. c4 Qc7
22. Rc1 bxc4 23. Bxc4 Qe7 24. Qd2 e3 25. Qd3 Qe5 26. Re2 Qxh2 27. Bxa6 Rxc1+ 28.
Nxc1 Qf4 29. Bb5 Rb8 30. a4 Ng4 31. Nb3 Bf6 32. Na5 h4 33. Nc4 Bd4 34. Nxd6 Nf6
35. Qc4 g4 36. Nxf7 Kxf7 37. d6+ Kf8 38. Qc7 Rxb5 39. Qe7+ Kg8 40. Qd8+ Kh7 41.
Qe7+ Kh6 42. Qf8+ Kg5 43. Qg7+ Kxf5 0-1

[Event "27th Hoogeveen Open 2024"]
[Site "Hoogeveen NED"]
[Date "2024.10.28"]
[Round "3.5"]
[White "Yasmo, Daniil"]
[Black "Zwirs, Nico"]
[Result "0-1"]
[BlackTitle "IM"]
[WhiteElo "2156"]
[BlackElo "2474"]
[WhiteFideId "14199165"]
[BlackFideId "1036432"]
[EventDate "2024.10.26"]

1. e4 c5 2. c3 d5 3. exd5 Qxd5 4. d4 Nf6 5. Nf3 e6 6. Bd3 Be7 7. O-O O-O 8. Na3
Na6 9. Re1 cxd4 10. Re5 Qd8 11. Nxd4 Bd6 12. Re1 Bxa3 13. bxa3 Nc5 14. Bc2 b6
15. a4 Bb7 16. Re5 Rc8 17. Ba3 Qc7 18. Qe1 Rfd8 19. Nb5 Qb8 20. a5 Rd5 21. Rxd5
Bxd5 22. f3 bxa5 23. Rb1 a6 24. Nd4 Qc7 25. Qe2 Bxa2 26. Ra1 Bd5 27. Bxc5 Qxc5
28. Qxa6 Ra8 29. Qb5 Qxc3 30. Qa4 g6 31. Bb3 Bxb3 32. Nxb3 Nd5 33. Nxa5 Ne3 34.
Qa3 Qd2 35. Qa2 Qxa2 36. Rxa2 Nc4 37. Nxc4 Rxa2 0-1

[Event "27th Hoogeveen Open 2024"]
[Site "Hoogeveen NED"]
[Date "2024.10.28"]
[Round "3.6"]
[White "Kovchan, Alexander"]
[Black "Van Helvoort, Rob"]
[Result "1-0"]
[WhiteTitle "GM"]
[WhiteElo "2444"]
[BlackElo "2164"]
[WhiteFideId "14103052"]
[BlackFideId "1005596"]
[EventDate "2024.10.26"]

1. e4 c5 2. Nf3 e6 3. d4 cxd4 4. Nxd4 Nf6 5. Nc3 Nc6 6. Nxc6 bxc6 7. e5 Nd5 8.
Ne4 Bb7 9. Be2 c5 10. O-O Qc7 11. Nd6+ Bxd6 12. exd6 Qc6 13. f3 e5 14. c4 Nf4
15. Bxf4 exf4 16. Qd2 O-O 17. Bd3 f5 18. Qxf4 Rf6 19. Rad1 Re8 20. Bb1 Qb6 21.
b3 Kf7 22. h4 g6 23. h5 Kg7 24. hxg6 hxg6 25. Kf2 Rh8 26. Rfe1 Qd8 27. Re7+ Rf7
28. Qe5+ Kg8 29. Re8+ 1-0

[Event "27th Hoogeveen Open 2024"]
[Site "Hoogeveen NED"]
[Date "2024.10.28"]
[Round "3.7"]
[White "Maris, Ivo"]
[Black "Lorscheid, Gerhard"]
[Result "1-0"]
[WhiteTitle "FM"]
[BlackTitle "FM"]
[WhiteElo "2388"]
[BlackElo "2152"]
[WhiteFideId "1028146"]
[BlackFideId "4606000"]
[EventDate "2024.10.26"]

1. e4 d6 2. d4 Nf6 3. Nc3 e5 4. Nf3 exd4 5. Nxd4 Be7 6. g3 O-O 7. Bg2 Re8 8. O-O
Bf8 9. h3 Nbd7 10. Re1 c6 11. Nf5 d5 12. exd5 Rxe1+ 13. Qxe1 cxd5 14. Bf4 Nc5
15. Nd4 Bd7 16. Bg5 h6 17. Bxf6 Qxf6 18. Rd1 Re8 19. Qf1 Qb6 20. b3 Qa5 21. Nde2
Bf5 22. Rd4 Qa3 23. Bxd5 Bxc2 24. Nf4 Bf5 25. Kg2 Ne6 26. Qb5 Rd8 27. Bxe6 Rxd4
28. Bxf7+ Kxf7 29. Qxf5+ Kg8 30. Nb5 1-0

[Event "27th Hoogeveen Open 2024"]
[Site "Hoogeveen NED"]
[Date "2024.10.28"]
[Round "3.8"]
[White "Mamatov, Melis"]
[Black "Schuricht, Emil Frederick"]
[Result "0-1"]
[WhiteTitle "FM"]
[WhiteElo "2358"]
[BlackElo "2145"]
[WhiteFideId "13800027"]
[BlackFideId "16270185"]
[EventDate "2024.10.26"]

1. e4 c6 2. d4 d5 3. e5 Bf5 4. h4 h5 5. Bd3 Bxd3 6. Qxd3 Qa5+ 7. Nc3 e6 8. Bg5
Qa6 9. Qh3 Ne7 10. Nge2 Nf5 11. O-O Nd7 12. Rfd1 Be7 13. a4 Qa5 14. Ng3 Bxg5 15.
Nxf5 exf5 16. hxg5 g6 17. e6 fxe6 18. Re1 Kf7 19. Ne2 Rhe8 20. f4 c5 21. c3 Rac8
22. Kh1 Nb8 23. Qe3 c4 24. Ng1 Nc6 25. Nf3 Qc7 26. Re2 Rb8 27. Nd2 b6 28. Rae1
Qd6 29. Kh2 Rb7 30. Kh3 Qb8 31. Kh2 Rbe7 32. Kh1 Kg7 33. Qf3 Qc7 34. Re3 Na5 35.
R3e2 Kf7 36. Qe3 Nb7 37. Nf3 Kg7 38. Nd2 Kh7 39. Nf3 Nd6 40. Nd2 Ne4 41. Nxe4
fxe4 42. g4 hxg4 43. Rh2+ Kg8 44. Kg2 Rh7 45. Reh1 Rxh2+ 46. Rxh2 Kg7 47. Qg3
Rh8 48. Rxh8 Kxh8 49. Qxg4 Qf7 50. Kf2 Kg8 51. Ke3 Kf8 52. Qh3 Qg8 53. Qh2 Qg7
54. f5 gxf5 55. Qb8+ Kf7 56. Qd8 Kg6 57. Kf4 Kh5 58. Qe8+ Kh4 59. Qd8 Kh3 60.
Qf6 Qc7+ 61. Qe5 Qh7 62. Qxe6 Qh4+ 63. Ke5 Qxg5 64. Kxd5 e3 65. Kxc4 Kg2 66. d5
f4 67. Kd3 f3 68. Qe4 e2 69. d6 Qg3 70. d7 e1=Q 0-1

[Event "27th Hoogeveen Open 2024"]
[Site "Hoogeveen NED"]
[Date "2024.10.28"]
[Round "3.9"]
[White "Goudriaan, Rafael"]
[Black "Smeets, Kobe"]
[Result "0-1"]
[BlackTitle "FM"]
[WhiteElo "2101"]
[BlackElo "2328"]
[WhiteFideId "1063162"]
[BlackFideId "1063910"]
[EventDate "2024.10.26"]

1. e4 e5 2. Nf3 Nc6 3. Bc4 Nf6 4. d3 Bc5 5. c3 d6 6. O-O a5 7. Re1 Ba7 8. Nbd2
O-O 9. h3 Be6 10. Bxe6 fxe6 11. Nf1 Nh5 12. Be3 Nf4 13. Bxa7 Rxa7 14. d4 exd4
15. cxd4 Qf6 16. Re3 Ra6 17. Ng3 Rb6 18. Qd2 e5 19. d5 Nd4 20. Nxd4 exd4 21. Rb3
Rxb3 22. axb3 d3 23. Kh2 h5 24. f3 Qe5 25. Qc3 h4 26. Nf5 Rxf5 27. exf5 Qe2 28.
Rg1 d2 29. Qc4 d1=Q 30. Qxf4 Qxd5 31. Qxh4 Qee5+ 32. f4 Qf6 0-1

[Event "27th Hoogeveen Open 2024"]
[Site "Hoogeveen NED"]
[Date "2024.10.28"]
[Round "3.10"]
[White "Ten Dam, Bram"]
[Black "De Jong, Migchiel"]
[Result "1-0"]
[BlackTitle "IM"]
[WhiteElo "2006"]
[BlackElo "2288"]
[WhiteFideId "40104877"]
[BlackFideId "1002848"]
[EventDate "2024.10.26"]

1. e4 e6 2. d4 d5 3. e5 c5 4. c3 Ne7 5. Na3 Nbc6 6. Nf3 Nf5 7. Nc2 cxd4 8. cxd4
Bd7 9. Bd3 Nb4 10. Nxb4 Bxb4+ 11. Bd2 Bxd2+ 12. Qxd2 Ne7 13. O-O O-O 14. Rfe1 h6
15. h4 Qb6 16. h5 Bb5 17. Bb1 Rfc8 18. a4 Ba6 19. b4 Bc4 20. Bc2 a5 21. b5 Qd8
22. g4 Kf8 23. Nh2 Ke8 24. f4 Kd7 25. f5 Qb6 26. Nf3 Rg8 27. f6 Nc8 28. Bh7 Qd8
29. Bxg8 Qxg8 30. Kf2 Nb6 31. g5 hxg5 32. Qxg5 gxf6 33. Qxg8 Rxg8 34. exf6 Ke8
35. Ne5 Rh8 36. Rh1 Nc8 37. Rag1 Bb3 38. h6 Nd6 39. Rg7 Bc2 40. h7 Ne4+ 41. Kg1
Nxf6 42. Rxf7 Nxh7 43. Rxb7 Rg8+ 44. Kf2 Rf8+ 45. Ke3 1-0

[Event "27th Hoogeveen Open 2024"]
[Site "Hoogeveen NED"]
[Date "2024.10.28"]
[Round "3.11"]
[White "Van Batenburg, Mees"]
[Black "Kovalskyi, Roman"]
[Result "0-1"]
[WhiteElo "2247"]
[BlackElo "2124"]
[WhiteFideId "1078259"]
[BlackFideId "14184214"]
[EventDate "2024.10.26"]

1. e4 c5 2. Nf3 d6 3. d4 cxd4 4. Nxd4 Nf6 5. Nc3 a6 6. Bc4 e6 7. Be3 b5 8. Bb3
Be7 9. a3 O-O 10. Qe2 Qc7 11. g4 Nc6 12. g5 Nxd4 13. Bxd4 Nd7 14. f4 d5 15.
O-O-O Qxf4+ 16. Kb1 dxe4 17. Rhf1 Qh4 18. Bf2 Qxh2 19. Qxe4 Qb8 20. Rh1 g6 21.
Rxh7 Bxg5 22. Rdh1 Nf6 23. Qd3 Qb7 24. Qh3 Bd7 25. Bd4 Qxh1+ 26. Qxh1 Nxh7 27.
Qb7 Rad8 28. Bb6 Bc8 29. Qc6 Rd2 30. Ne4 Rd1+ 31. Ka2 Bf4 32. Nf2 Rd6 33. Qc5
Bb7 34. Nd3 Rc8 35. Qf2 Bg5 36. Bd4 Rcd8 37. Be5 R6d7 38. Nc5 Rd2 39. Qg3 Bd5
40. Bc3 Rxc2 41. Bxd5 exd5 42. Qd3 Rh2 43. Qd4 Bf6 44. Qg1 Rh5 45. Ne6 Rd6 46.
Nf4 Rg5 47. Qc5 Be7 48. Qc7 Bf8 49. Bb4 Rf6 50. Qd8 Rxf4 51. Bxf8 Nxf8 52. Qxg5
Rf5 53. Qd8 Kg7 54. Qd6 Rf6 55. Qxd5 Ne6 56. Qd6 Nf4 57. Qe5 Nd3 58. Qd4 Ne1 59.
a4 bxa4 60. Qxa4 g5 61. Qg4 Nf3 62. Qc4 Ne5 63. Qc3 Re6 64. Qd4 Kg6 65. b4 Nc6
66. Qd3+ Kg7 67. Kb2 Rg6 68. Kc3 Ne7 69. Qd4+ Rf6 70. Qe5 Nf5 71. Kb3 Kg6 72.
Qe4 Re6 73. Qg4 Nh6 74. Qd4 g4 75. Qf4 f5 76. Ka4 Nf7 77. Qc4 Rf6 78. Qc8 Nh6
79. Qc2 Kg5 80. Qc5 Nf7 81. Qf8 Ne5 82. Qe7 Ng6 83. Qc5 g3 84. Qe3+ f4 85. Qf3
Rf5 86. Qd3 f3 87. Qd6 Ne5 88. Qd8+ Rf6 89. Qd4 Ng6 90. Qe3+ Kg4 91. Qd4+ Rf4
92. Qg7 f2 93. Qxg6+ Kh3 94. Qh6+ Kg2 95. Qxf4 f1=Q 96. Qd2+ Kh1 97. Qh6+ Kg1
98. Qe3+ Qf2 99. Qc1+ Kg2 100. Qc6+ Qf3 101. Qc2+ Kf1 102. Qc1+ Ke2 103. Qb2+
Ke1 104. Qe5+ Kd2 105. Qb2+ Ke3 106. Qc3+ Kf2 107. Qb2+ Qe2 108. Qf6+ Kg1 109.
Qd4+ Kh2 110. Qh4+ Kg2 111. Ka3 Qe3+ 112. Ka4 Kg1 113. Qh5 g2 114. Qd1+ Kh2 115.
Qh5+ Qh3 116. Qe5+ Kh1 117. Qd5 Qg4 118. Ka5 Qe2 0-1

[Event "27th Hoogeveen Open 2024"]
[Site "Hoogeveen NED"]
[Date "2024.10.28"]
[Round "3.12"]
[White "Bakija, Alan"]
[Black "Bruggink, Tycho"]
[Result "1-0"]
[WhiteElo "2192"]
[BlackElo "1992"]
[WhiteFideId "1068016"]
[BlackFideId "1050028"]
[EventDate "2024.10.26"]

1. Nf3 Nf6 2. c4 g6 3. d4 Bg7 4. g3 O-O 5. Bg2 d6 6. Nc3 c5 7. O-O Nc6 8. dxc5
dxc5 9. Be3 Be6 10. Qa4 Nd4 11. Rfd1 Bd7 12. Qa3 Nc2 13. Qxc5 b6 14. Qg5 h6 15.
Qh4 Nxe3 16. fxe3 Qc7 17. Qf4 Rac8 18. Qxc7 Rxc7 19. b3 b5 20. Nxb5 Bxb5 21.
cxb5 Ng4 22. Rac1 Rfc8 23. Rxc7 Rxc7 24. Bh3 Nxe3 25. Rd8+ Kh7 26. Kf2 Nc2 27.
Rc8 Rxc8 28. Bxc8 Bc3 29. Bb7 e6 30. Be4 Nd4 31. Nxd4 Bxd4+ 32. e3 Bc5 33. Ke2
Kg7 34. Kd3 f5 35. Bc6 Kf6 36. a4 Ke5 37. Be8 g5 38. a5 Kd6 39. e4 Bb4 40. b6
axb6 41. e5+ Kc7 42. a6 Ba3 43. Kc3 Bc5 44. Bd7 Bg1 45. Bxe6 Bxh2 46. Bd5 1-0

[Event "27th Hoogeveen Open 2024"]
[Site "Hoogeveen NED"]
[Date "2024.10.28"]
[Round "3.13"]
[White "Ganguly, Surya Shekhar"]
[Black "Van Zutphen, Jimmy"]
[Result "1-0"]
[WhiteTitle "GM"]
[WhiteElo "2598"]
[BlackElo "2125"]
[WhiteFideId "5002150"]
[BlackFideId "1013890"]
[EventDate "2024.10.26"]

1. c4 f5 2. Nf3 Nf6 3. g3 e6 4. Bg2 Be7 5. O-O O-O 6. d4 d5 7. Nbd2 c6 8. b3 Bd7
9. a4 Be8 10. Ba3 Bxa3 11. Rxa3 Bh5 12. a5 Bxf3 13. Nxf3 Qe7 14. Ra4 Nbd7 15.
Qd2 c5 16. cxd5 exd5 17. Qc2 b5 18. axb6 Nxb6 19. Ra2 Ne4 20. dxc5 Qxc5 21. Qxc5
Nxc5 22. Nd4 g6 23. Rfa1 Rf7 24. e3 Ne4 25. Bf1 Nd6 26. Ra6 Rb7 27. R1a5 Kg7 28.
Ne6+ Kf6 29. Nf4 Kg7 30. Nxd5 Nxd5 31. Rxd6 Nf6 32. Bg2 Ne4 33. Bxe4 fxe4 34.
Rda6 Kh6 35. Ra3 Kh5 36. Re6 Rb4 37. Re7 h6 38. Ra4 a5 39. Rxb4 axb4 40. Rxe4
Rb8 41. h4 g5 42. hxg5 hxg5 43. g4+ Kh4 44. Kg2 Rb5 45. Rd4 Re5 46. Rxb4 Rxe3
47. Kf1 Rc3 48. Kg2 Rd3 49. Kf1 Rc3 50. Ke2 Rc2+ 51. Ke3 Rc3+ 52. Ke2 Rc2+ 53.
Ke3 Rc3+ 54. Kd4 Rf3 55. Ke5 Rxf2 56. Rd4 Rg2 57. b4 Rb2 58. Kd5 Rb1 59. Kc5
Rc1+ 60. Rc4 Rf1 61. b5 Rf8 62. b6 1-0

[Event "27th Hoogeveen Open 2024"]
[Site "Hoogeveen NED"]
[Date "2024.10.28"]
[Round "3.14"]
[White "Emans, Job"]
[Black "Maatman, Nick"]
[Result "0-1"]
[BlackTitle "IM"]
[WhiteElo "2118"]
[BlackElo "2382"]
[WhiteFideId "1051393"]
[BlackFideId "1040391"]
[EventDate "2024.10.26"]

1. d4 Nf6 2. c4 e6 3. Nc3 Bb4 4. e3 O-O 5. Bd2 c5 6. a3 Bxc3 7. Bxc3 Ne4 8. Qc2
Nxc3 9. Qxc3 cxd4 10. exd4 d5 11. c5 e5 12. dxe5 d4 13. Qd2 Nc6 14. Nf3 Bg4 15.
Be2 Bxf3 16. Bxf3 Nxe5 17. O-O-O Rc8 18. Qxd4 Qxd4 19. Rxd4 Rxc5+ 20. Kb1 Nxf3
21. gxf3 Rf5 22. Rd7 Rb8 23. Re1 g5 24. Re3 a6 25. Kc2 Kg7 26. Kd2 b5 27. Ra7
Rb6 28. Ke2 Rbf6 29. h3 Rc5 30. Kf1 Rc1+ 31. Kg2 Rc2 32. b4 Ra2 33. Kg3 Kg6 34.
Ra8 h6 35. Rc3 Ra1 36. Rac8 Kg7 37. Ra8 Rg1+ 38. Kh2 Ra1 39. Kg3 Kh7 40. Rd3 Kg6
41. Rc3 Kg7 42. Rd3 h5 43. Kg2 Ra2 44. Kg3 Rc6 45. Ra7 h4+ 46. Kg4 Kg6 47. f4
Rxf2 0-1

[Event "27th Hoogeveen Open 2024"]
[Site "Hoogeveen NED"]
[Date "2024.10.28"]
[Round "3.15"]
[White "Plukkel, Sjoerd"]
[Black "Knol, Geon"]
[Result "1-0"]
[WhiteTitle "FM"]
[WhiteElo "2210"]
[BlackElo "2098"]
[WhiteFideId "1008676"]
[BlackFideId "1012142"]
[EventDate "2024.10.26"]

1. d4 c6 2. c3 d6 3. Nf3 f5 4. Qc2 Nf6 5. Bg5 Qc7 6. e3 Ne4 7. Bd3 Nxg5 8. Nxg5
h6 9. Nf3 e6 10. e4 g6 11. h4 h5 12. exf5 exf5 13. O-O Be7 14. Qd2 Nd7 15. Re1
Nf6 16. Qg5 Kf7 17. Qg3 Nh7 18. Nbd2 b5 19. a4 Rb8 20. axb5 cxb5 21. c4 Bb7 22.
Rxa7 Ra8 23. Rxa8 Rxa8 24. c5 Ra2 25. Bxb5 Rxb2 26. Nc4 Rxb5 27. cxd6 Qxc4 28.
Rxe7+ 1-0

[Event "27th Hoogeveen Open 2024"]
[Site "Hoogeveen NED"]
[Date "2024.10.28"]
[Round "3.16"]
[White "Zecha, Oscar"]
[Black "Nissinen, Niilo Man"]
[Result "1/2-1/2"]
[BlackTitle "CM"]
[WhiteElo "2097"]
[BlackElo "2204"]
[WhiteFideId "1073826"]
[BlackFideId "30950767"]
[EventDate "2024.10.26"]

1. d4 Nf6 2. c4 e6 3. Nc3 Bb4 4. e3 O-O 5. a3 Bxc3+ 6. bxc3 d6 7. h4 e5 8. f3 e4
9. Qc2 b6 10. fxe4 Qe7 11. Nf3 Nxe4 12. Bd3 Bb7 13. d5 Re8 14. Ng5 Nxg5 15. hxg5
g6 16. Qf2 Nd7 17. Qh4 f5 18. gxf6 Nxf6 19. Bd2 Nd7 20. Qd4 Qe5 21. O-O-O Nc5
22. Bc2 Re7 23. Rh6 Qxd4 24. exd4 Ne4 25. Bxe4 Rxe4 26. Rdh1 Re7 27. Bg5 Rf7 28.
g4 Ba6 29. c5 Bc4 30. cxd6 cxd6 31. Re1 Bxd5 32. Re7 Raf8 33. Rh2 Rxe7 34. Bxe7
Rf1+ 35. Kd2 Ra1 36. Bxd6 Ra2+ 37. Ke3 Rxh2 38. Bxh2 1/2-1/2

[Event "27th Hoogeveen Open 2024"]
[Site "Hoogeveen NED"]
[Date "2024.10.28"]
[Round "3.17"]
[White "Mostertman, Milan"]
[Black "Kukushkin, Ivan"]
[Result "1/2-1/2"]
[WhiteTitle "FM"]
[WhiteElo "2201"]
[BlackElo "2084"]
[WhiteFideId "1025848"]
[BlackFideId "11634103"]
[EventDate "2024.10.26"]

1. e4 c5 2. c3 d5 3. exd5 Qxd5 4. d4 Nc6 5. Nf3 Bf5 6. dxc5 Qxd1+ 7. Kxd1 O-O-O+
8. Ke1 e5 9. b4 e4 10. Nfd2 g6 11. Nc4 Bg7 12. a3 Be6 13. Bf4 Bxc4 14. Bxc4 Be5
15. Bxe5 Nxe5 16. Be2 Nf6 17. Ra2 Rhe8 18. g3 Nd3+ 19. Kf1 h5 20. Kg2 Ng4 21.
Rf1 f5 22. Rd2 Kc7 23. Bxd3 exd3 24. h3 Nf6 25. Rfd1 Re2 26. Kf3 Rxd2 27. Nxd2
g5 28. c4 g4+ 29. hxg4 Nxg4 30. Rh1 Rh8 31. Re1 h4 32. gxh4 Rxh4 33. Re7+ Kc8
34. Kf4 Rh2 35. Kxf5 Rxf2+ 36. Kxg4 Rxd2 37. Re8+ Kc7 38. Re7+ Kc8 39. Kf3 Ra2
40. Re8+ Kc7 41. Re7+ Kc8 42. c6 bxc6 43. Rxa7 Kb8 44. Rd7 Rxa3 45. Ke4 Ra4 46.
Rxd3 Rxb4 47. Kd4 Kc7 48. Kc5 Ra4 49. Rh3 Ra5+ 50. Kb4 Kb6 51. Rh7 Rg5 52. Rh8
Rg4 53. Rb8+ Kc7 54. Rf8 Kb6 55. Rb8+ 1/2-1/2

[Event "27th Hoogeveen Open 2024"]
[Site "Hoogeveen NED"]
[Date "2024.10.28"]
[Round "3.18"]
[White "Aravindhan, Achyuth"]
[Black "Markuszewski, Maksymilian"]
[Result "1/2-1/2"]
[WhiteTitle "CM"]
[WhiteElo "2173"]
[BlackElo "2079"]
[WhiteFideId "1084216"]
[BlackFideId "651018306"]
[EventDate "2024.10.26"]

1. e4 c5 2. Nf3 d6 3. Bb5+ Nd7 4. c4 Nf6 5. Nc3 g6 6. h3 Bg7 7. d3 O-O 8. Ba4
Ne8 9. Bg5 Nc7 10. O-O a6 11. Qd2 Rb8 12. Bh6 b5 13. Bxg7 Kxg7 14. Bb3 e5 15.
Nh2 Ne6 16. cxb5 axb5 17. Bxe6 fxe6 18. Ng4 Nf6 19. Nxf6 Qxf6 20. b3 b4 21. Ne2
Bb7 22. Qe3 Qe7 23. g3 Ra8 24. Kh2 Qf6 25. f4 Kg8 26. Kg1 Ra5 27. fxe5 Qxe5 28.
Rxf8+ Kxf8 29. Rf1+ Kg8 30. Qh6 Ra8 31. Qh4 Re8 32. Qg4 d5 33. Qf3 Qg7 34. Qe3
dxe4 35. dxe4 Qe5 36. Qf2 Bc6 37. h4 Kh8 38. Qf7 Qxe4 39. Qf6+ Kg8 40. Qf7+ Kh8
41. Qf6+ Kg8 1/2-1/2

[Event "27th Hoogeveen Open 2024"]
[Site "Hoogeveen NED"]
[Date "2024.10.28"]
[Round "3.19"]
[White "Kazarjan, Gachatur"]
[Black "Grooten, Tommy"]
[Result "1-0"]
[WhiteElo "2163"]
[BlackElo "2067"]
[WhiteFideId "1068750"]
[BlackFideId "1068806"]
[EventDate "2024.10.26"]

1. e4 c5 2. Nf3 e6 3. Nc3 d6 4. d4 cxd4 5. Nxd4 Nf6 6. Be2 Be7 7. Be3 a6 8. f4
Qc7 9. g4 b5 10. a3 Bb7 11. Bf3 Nfd7 12. O-O Nc6 13. Nxc6 Bxc6 14. Qe2 O-O 15.
Rad1 Rab8 16. Bc1 a5 17. Nd5 Bxd5 18. exd5 e5 19. g5 Qd8 20. h4 exf4 21. Bxf4
Re8 22. Rfe1 b4 23. Rd3 Ne5 24. Bxe5 dxe5 25. Be4 bxa3 26. bxa3 Rb2 27. Rf1 Qc7
28. Bxh7+ Kxh7 29. Qh5+ Kg8 30. Qxf7+ Kh7 31. Qh5+ 1-0

[Event "27th Hoogeveen Open 2024"]
[Site "Hoogeveen NED"]
[Date "2024.10.28"]
[Round "3.20"]
[White "Hoffman, Ron"]
[Black "Boeren, Jurriaan"]
[Result "1/2-1/2"]
[WhiteElo "2024"]
[BlackElo "2159"]
[WhiteFideId "1007599"]
[BlackFideId "1067478"]
[EventDate "2024.10.26"]

1. c4 e5 2. g3 c6 3. d4 d6 4. Nf3 e4 5. Ng5 d5 6. Nc3 Nf6 7. Bg2 Bb4 8. Qb3
Bxc3+ 9. bxc3 O-O 10. O-O Nbd7 11. cxd5 cxd5 12. Nh3 Nb6 13. f3 h6 14. Nf2 exf3
15. exf3 Bf5 16. Bf4 Re8 17. Rfe1 Rxe1+ 18. Rxe1 Qd7 19. Bf1 Re8 20. Re5 Rxe5
21. dxe5 Nh7 22. Be3 Ng5 23. Be2 Nc4 24. Bxg5 hxg5 25. Bxc4 dxc4 26. Qxc4 Be6
27. Qc5 Qd2 28. a3 Bd5 29. Qc8+ Kh7 30. Qh3+ Kg8 31. Qc8+ Kh7 32. Qh3+ Kg6 33.
g4 Qe1+ 34. Kg2 Qxe5 35. Qh5+ Kf6 36. h4 gxh4 37. g5+ Ke7 38. Qxh4 Qxc3 39. Qf4
Be6 40. Ne4 Qb2+ 41. Kg3 Qb6 42. Kg2 Qd8 43. Qe5 Kf8 44. Qc5+ Kg8 45. Qxa7 Bf5
46. Qxb7 Bxe4 1/2-1/2

[Event "27th Hoogeveen Open 2024"]
[Site "Hoogeveen NED"]
[Date "2024.10.28"]
[Round "3.21"]
[White "Vaupot, Kajetan"]
[Black "Duijker, Rick"]
[Result "0-1"]
[BlackTitle "FM"]
[WhiteElo "1870"]
[BlackElo "2154"]
[WhiteFideId "14641003"]
[BlackFideId "1010565"]
[EventDate "2024.10.26"]

1. d4 Nf6 2. c4 e6 3. g3 Bb4+ 4. Bd2 c5 5. Nf3 Qb6 6. e3 Nc6 7. dxc5 Bxc5 8. Nc3
Qc7 9. Bg2 O-O 10. O-O a6 11. Qe2 d6 12. a3 Ba7 13. Rfd1 Na5 14. Bf1 Nb3 15.
Rab1 e5 16. Qd3 Bg4 17. Nd5 Nxd5 18. Qxd5 Qc6 19. Qxc6 bxc6 20. Be2 Bf5 21. Bb4
Bxb1 22. Rxb1 Bc5 23. Bd1 a5 24. Bxb3 axb4 25. a4 f5 26. Bc2 f4 27. gxf4 exf4
28. e4 Ra7 29. b3 g5 30. Kg2 h6 31. Rd1 Re7 32. Rd2 Kg7 33. Rd1 Kf6 34. Rd2 Re6
35. Rd1 g4 36. Nd4 Bxd4 37. Rxd4 Ke5 38. Rd2 h5 39. Bd3 Kd4 40. c5 Kc3 41. Bc4
Rxe4 42. Rd3+ Kc2 43. Rxd6 Rxc4 44. bxc4 b3 45. Re6 b2 46. Re2+ Kc1 47. Re1+ Kd2
48. Kf1 f3 49. Rb1 Kc2 0-1

[Event "27th Hoogeveen Open 2024"]
[Site "Hoogeveen NED"]
[Date "2024.10.28"]
[Round "3.22"]
[White "Madularea, David"]
[Black "Darie, Aden"]
[Result "1-0"]
[WhiteElo "2151"]
[BlackElo "1928"]
[WhiteFideId "1070215"]
[BlackFideId "1094831"]
[EventDate "2024.10.26"]

1. d4 Nf6 2. c4 e6 3. Nc3 Bb4 4. e3 b6 5. Bd3 Bb7 6. Ne2 O-O 7. O-O d5 8. cxd5
exd5 9. f3 Re8 10. Ng3 Bf8 11. Qc2 c5 12. Qf2 Nc6 13. Kh1 g6 14. Bd2 Bg7 15.
Nge2 Nd7 16. g4 Nb4 17. Bb1 Ba6 18. h4 Nc6 19. Kg2 cxd4 20. exd4 Nxd4 21. Nxd4
Bxf1+ 22. Kxf1 Bxd4 23. Qxd4 Qxh4 24. Kg2 Rad8 25. Bd3 Qf6 26. Qxf6 Nxf6 27. Bb5
Re6 28. Bg5 h6 29. Bxh6 d4 30. Rd1 Nh7 31. Bf4 g5 32. Bg3 a6 33. Bc4 Ree8 34.
Nd5 b5 35. Bb3 Re2+ 36. Bf2 Rxb2 37. Rxd4 Kg7 38. Kg3 Re8 39. Ne3 Nf8 40. Nf5+
Kg6 41. Rd1 Ne6 42. Rh1 f6 43. Rh6+ Kf7 44. Nd6+ Kg7 45. Nxe8+ Kxh6 46. Bxe6 Re2
47. Bf7 Re7 48. Bh5 f5 49. Nd6 f4+ 50. Kg2 Re2 51. Nf7+ Kg7 52. Nxg5 Rxa2 53.
Ne6+ Kf6 54. Nxf4 b4 55. Nd5+ 1-0